000 00419nam a2200157 a 4500
005 20140412111245.0
008 001111s19uu xx 00 eng d
020 _a0-516-07835-6
050 _aM 551.21
_bRa123 1981
100 _aRadlaver, Ruth Shaw
245 _aVolcanoes /
_cRuth Shaw Radlaver.
260 _aChicago :
_bChildren's Press.
300 _a48p. ; col. ; ill.
650 _aVolcanoes
999 _c102889
_d102889